00727nam a2200193 a 450000100100000000500170001000800410002702000150006804000250008308200130010810000310012124500990015226000370025130000210028850000580030970000380036795201110040599900170051600004341520201002040907.0140314s1992 sp 000 0 spa d a8432246786 aDO-SdBNPbspacBNPHU axxxbxxx1 aAlmendros, Néstor97107710aCinemanía :bensayos sobre cine ; introducción de Martín Scorsese /cNéstor Almendros. aBarcelona :bSeix Barral,c1992. a374 p. ;c21 cm. aIncluye datos biográficos del autor en la cubierta.12aScorsese, Martíneintrod971078 001050718MOaGRbGRcCTd2014-03-14iLF1l0oxxx xxxp43415-10r2020-06-25w2020-06-25y1ZNo se presta c42904d42904